01156nam a22003015i 4500999001700000003000900017005001700026008004100043020001800084020001500102040004300117082002300160100003900183245009900222250002100321264005400342300002300396336002600419337002800445338002700473504005100500650005700551653002400608700003600632700003700668942001200705952013700717 c28791d28762EG-ScBUE20200922140823.0200219s1998 ja f b 001 0 eng d a9784770023568 a4770023561 aEG-ScBUEbengerdacEG-ScBUEdEG-ScBUE04a362.10952bMAR2221 aMaruyama, Meredith Enman,eauthor.10aJapan health handbook /cMeredith Enman Maruyama, Louise Picon Shimizu, Nancy Smith Tsurumaki. aRevised edition. 1aTokyo ;aLondon :bKodansha International,c1998. a380 pages ;c22 cm atextbtxt2rdacontent aunmediatedbn2rdamedia avolumebnc2rdacarrier aIncludes bibliographical references and index. 7aMedical carezJapanvHandbooks, manuals, etc.2BUEsh bNNURcSeptember20201 aShimizu, Louise Picon,eauthor.1 aTsurumaki, Nancy Smith,eauthor. 2ddccBB 00102ddc40708Donation-GaMAINbMAINc1STd2020-09-22ePurchasel0o362.10952 MARp000049743r2025-07-15 00:00:00w2020-09-22yBB